[Event "MK Cafe Cup-B"]
[Site "Koszalin"]
[Date "1999.08.04"]
[Round "2"]
[White "Popov, Valerij"]
[Black "Cherkasov, Nikolai"]
[Result "0-1"]
[WhiteElo "2523"]
[BlackElo "2324"]

1.Nf3 g6 2.c4 Bg7 3.Nc3 d6 4.d4 Nf6 5.e4 O-O 6.Be2 e5 7.O-O Nc6 8.d5 Ne7
9.b4 Ne8 10.a4 Kh8 11.c5 h6 12.Nd2 f5 13.f3 f4 14.Nc4 g5 15.Ba3 Rg8 16.a5 Bf8
17.b5 Ng6 18.c6 b6 19.Bc1 g4 20.fxg4 Nh4 21.axb6 cxb6 22.g3 Nf6 23.c7 Qxc7
24.gxh4 Bxg4 25.Kh1 Bh3 26.Rg1 Be7 27.Bxf4 Rxg1+ 28.Qxg1 exf4 29.Qd4 Rc8
30.Ra4 Rg8 31.Bf3 Rg7 32.Ne2 Bg4 33.Ng1 Bxf3+ 34.Nxf3 Ng4 35.h3 Bf6 36.Qd2 Ne3
37.Nxe3 fxe3 38.Qxe3 Qc2 39.Qxh6+ Kg8 40.Ng5 Bxg5 41.Qe6+ Kh8 42.Qe8+ Kh7
43.Qh5+ Bh6 44.Qf5+ Kg8 45.Qe6+ Rf7 46.Ra1 Bg7 47.Rg1 Qf2 48.Rg4 Qf3+ 49.Rg2 Kh8
50.e5 Bxe5 51.Qh6+ Rh7 52.Qe6 Rg7 53.Qh6+ Kg8  0-1

[Event "MK Cafe Cup-B"]
[Site "Koszalin"]
[Date "1999.08.04"]
[Round "2"]
[White "Chekhov, Valery A"]
[Black "Husari, Sate"]
[Result "1-0"]
[WhiteElo "2499"]
[BlackElo "2307"]

1.d4 Nf6 2.c4 g6 3.Nc3 Bg7 4.e4 d6 5.Be2 O-O 6.Nf3 e5 7.O-O Nc6 8.dxe5 dxe5
9.Bg5 Qxd1 10.Rfxd1 Ne8 11.h3 f6 12.Be3 Rf7 13.c5 Be6 14.Rd2 h6 15.g4 Bf8
16.Nd5 Kh7 17.Rad1 Ng7 18.Bb5 Nb8 19.g5 Bxd5 20.exd5 hxg5 21.d6 Nc6 22.Bxg5 cxd6
23.Bc4 dxc5 24.Bxf7 fxg5 25.Bd5 Be7 26.Bxc6 bxc6 27.Rd7 Bf6 28.Rf7 e4 29.Rxf6 exf3
30.Rd7 Kh6 31.Rff7 Rg8 32.Rxa7 g4 33.Rxg7 Rxg7 34.Rxg7 Kxg7 35.hxg4 Kf6 36.Kh2 Ke5
37.Kg3 Kd4 38.Kxf3 c4 39.Ke2 c3 40.bxc3+ Kxc3 41.f4 c5 42.f5 gxf5 43.gxf5 c4
44.f6 Kb2 45.f7  1-0

[Event "Aceimar op 6th"]
[Site "Mondariz Balneario"]
[Date "1999.08.04"]
[Round "9"]
[White "Pogorelov, Ruslan"]
[Black "Martinez Martin, David"]
[Result "1-0"]
[WhiteElo "2489"]
[BlackElo "2390"]

1.Nf3 Nf6 2.c4 g6 3.Nc3 Bg7 4.e4 d6 5.d4 O-O 6.Be2 e5 7.O-O Nc6 8.d5 Ne7
9.Ne1 Nd7 10.Be3 f5 11.f3 f4 12.Bf2 g5 13.a4 a6 14.a5 Rf6 15.Nd3 Rh6 16.Be1 Qe8
17.Nf2 Kh8 18.b4 Ng8 19.g4 fxg3 20.hxg3 Ngf6 21.Kg2 Bf8 22.Bd2 Be7 23.Qc2 Qg8
24.Ncd1 Nh5 25.Ne3 Nf4+ 26.gxf4 gxf4+ 27.Neg4 Rh4 28.Rh1 h5 29.Rxh4 Bxh4
30.Rh1 Qg5 31.Nh3 Qg7 32.Nxf4 exf4 33.Rxh4 Qg5 34.Rxh5+ Qxh5 35.Bxf4 Ne5
36.Nxe5 dxe5 37.Qc3 Bh3+ 38.Kf2 Re8 39.Bg3 Kh7 40.c5 Bd7 41.c6 bxc6 42.dxc6 Bc8
43.Qc5 Qg5 44.f4 Qh6 45.f5 Qf6 46.Kg2 Rg8 47.Qc3 Qd6 48.Kf2 Re8 49.Bh5 Re7
50.Bg6+ Kg8 51.Qc4+ Kf8 52.Ke2 Kg7 53.Bh4 Re6 54.fxe6 Bxe6 55.Qc3 Bg4+ 56.Ke3 Kxg6
57.Bg3 Qd1 58.Bxe5 Qf3+ 59.Kd4 Qf2+ 60.Qe3 Qb2+ 61.Qc3 Qf2+ 62.Qe3 Qb2+ 63.Kd5 Qa2+
64.Kc5 Qf7 65.Qf4 Qe7+ 66.Bd6 cxd6+ 67.Qxd6+ Kf7 68.Qxe7+ Kxe7 69.b5 Be2
70.bxa6  1-0

[Event "BCF-ch 86th"]
[Site "Scarborough"]
[Date "1999.08.04"]
[Round "4"]
[White "Summerscale, Aaron"]
[Black "Rudd, Jack"]
[Result "1-0"]
[WhiteElo "2423"]
[BlackElo "2185"]

1.Nf3 Nf6 2.c4 g6 3.Nc3 Bg7 4.d4 O-O 5.e4 d6 6.Be2 e5 7.O-O Nc6 8.d5 Ne7
9.Ne1 Nd7 10.Be3 f5 11.f3 f4 12.Bf2 g5 13.a4 Nf6 14.c5 Kh8 15.a5 a6 16.cxd6 cxd6
17.Na4 g4 18.Nb6 g3 19.Nxa8 Nh5 20.Bb6 gxh2+ 21.Kf2 Qe8 22.Rh1 Bf6 23.Rxh2 Qg6
24.Bc4 Ng3 25.Nc7 Rg8 26.Ne6 Bd7 27.Qb3 Nc8 28.Bd3 Qf7 29.Rc1 Qg6 30.Rh3 Ne7
31.Rc7 Bc8 32.Qb4 Bxe6 33.dxe6 d5 34.Rxe7 Bxe7 35.Qxe7 dxe4 36.Bxe4 Nxe4+
37.fxe4 Qxe4 38.Qf6+ Rg7 39.Qd8+ Rg8 40.Qd3  1-0

[Event "MK Cafe Cup-B"]
[Site "Koszalin"]
[Date "1999.08.05"]
[Round "3"]
[White "Krivoshey, Sergei"]
[Black "Dobrowolski, Piotr"]
[Result "1/2-1/2"]
[WhiteElo "2454"]
[BlackElo "2376"]

1.d4 Nf6 2.c4 g6 3.Nc3 Bg7 4.e4 d6 5.Nf3 O-O 6.Be2 e5 7.O-O Nc6 8.d5 Ne7
9.Ne1 Nd7 10.Be3 f5 11.f3 f4 12.Bf2 g5 13.Rc1 Ng6 14.c5 Nxc5 15.b4 Na6 16.Nb5 Bd7
17.a4 Rf7 18.Nd3 Bxb5 19.axb5 Nb8 20.Qc2 h5 21.Kh1 Bh6 22.Rg1 Rg7 23.Ra1 Nd7
24.Ra3 Nf6 25.Rga1 g4 26.Rxa7 Rxa7 27.Rxa7 g3 28.Be1 b6 29.Qc6  1/2-1/2

[Event "MK Cafe Cup-A"]
[Site "Koszalin"]
[Date "1999.08.05"]
[Round "3"]
[White "Ftacnik, Lubomir"]
[Black "Lanka, Zigurds"]
[Result "1/2-1/2"]
[WhiteElo "2589"]
[BlackElo "2504"]

1.Nf3 Nf6 2.c4 g6 3.Nc3 Bg7 4.e4 d6 5.d4 O-O 6.Be2 e5 7.O-O Nc6 8.d5 Ne7
9.Nd2 a5 10.Rb1 Ne8 11.a3 f5 12.b4 axb4 13.axb4 g5 14.exf5 Bxf5 15.Nde4 h6
16.Bd3 Nf6 17.Nxf6+ Rxf6 18.Ne4 Bxe4 19.Bxe4 Nf5 20.Bb2 Qd7 21.Ra1 Raf8 22.Qd3 Nd4
23.c5 g4 24.Ra7 Qf7 25.Bxd4 exd4 26.f3 gxf3 27.Bxf3 Qe7 28.c6 b6 29.Rd1 Rf4
30.Rda1 Qg5 31.Ra8 Be5 32.g3  1/2-1/2

[Event "MK Cafe Cup-B"]
[Site "Koszalin"]
[Date "1999.08.06"]
[Round "4"]
[White "Popov, Valerij"]
[Black "Lukinov, Petr"]
[Result "1/2-1/2"]
[WhiteElo "2523"]
[BlackElo "2303"]

1.Nf3 Nf6 2.c4 g6 3.Nc3 Bg7 4.e4 d6 5.d4 O-O 6.Be2 e5 7.O-O Nc6 8.d5 Ne7
9.b4 Nh5 10.Re1 f5 11.Ng5 Nf6 12.Bf3 f4 13.b5 Re8 14.g3 h6 15.Ne6 Bxe6 16.dxe6 Nh7
17.h4 Nf8 18.Bg4 h5 19.Bh3 Kh7 20.c5 dxc5 21.Qb3 Nc8 22.Nd5 c6 23.bxc6 bxc6
24.Qb7 Nd6 25.Qxc6 Rc8 26.Qa4 Nxe6 27.Bd2 a5 28.Bxa5 Ra8 29.Bxd8 Rxa4 30.Be7 Rxe7
31.Nxe7 Nd4 32.Red1 Nxe4 33.Bg2 f3 34.Bf1 c4 35.Nd5 c3 36.Bd3 c2 37.Rdc1 Nc5
38.Bxc2 Ne2+ 39.Kh1 Ra5 40.Rd1 e4  1/2-1/2

[Event "Chania op 9th"]
[Site "Chania"]
[Date "1999.08.07"]
[Round "5"]
[White "Cvetkovic, Srdjan"]
[Black "Tsarouhas, Vasilios"]
[Result "1-0"]
[WhiteElo "2416"]
[BlackElo "2221"]

1.c4 Nf6 2.Nc3 g6 3.e4 d6 4.d4 Bg7 5.Nf3 O-O 6.Be2 e5 7.O-O Nc6 8.d5 Ne7
9.Bg5 h6 10.Bxf6 Bxf6 11.b4 Kg7 12.c5 Ng8 13.Rc1 Bg5 14.Nxg5 hxg5 15.Qc2 Nf6
16.a4 Rh8 17.f3 a5 18.Qb2 c6 19.b5 dxc5 20.bxc6 bxc6 21.Rfd1 c4 22.dxc6 Qc7
23.Nd5 Nxd5 24.exd5 Qa7+ 25.Kf1 Rb8 26.Qxe5+ f6 27.Qd4 Qf7 28.d6 Rh4 29.d7 Rxd4
30.Rxd4 Qe7 31.d8=Q Qe3 32.Re1 Rb2 33.Rd7+ Bxd7 34.Qxd7+ Kh6 35.c7 Rd2 36.c8=Q g4
37.Qh8+ Kg5 38.Qxg4+  1-0

[Event "MK Cafe Cup-B"]
[Site "Koszalin"]
[Date "1999.08.07"]
[Round "5"]
[White "Gleizerov, Evgeny"]
[Black "Brustman, Agnieszka"]
[Result "1-0"]
[WhiteElo "2520"]
[BlackElo "2383"]

1.d4 Nf6 2.c4 g6 3.Nc3 Bg7 4.e4 d6 5.Nf3 O-O 6.Be2 e5 7.O-O Nc6 8.d5 Ne7
9.Nd2 a5 10.a3 c5 11.Rb1 b6 12.b4 axb4 13.axb4 Kh8 14.bxc5 bxc5 15.Nb3 Ne8
16.Bd2 Ng8 17.Ra1 Rxa1 18.Qxa1 f5 19.Na5 Bd7 20.f3 Qh4 21.Qc1 Qd8 22.Nb5 Ngf6
23.Qc2 Nh5 24.g3 Nhf6 25.Ra1 fxe4 26.fxe4 Bg4 27.Nc6 Qc8 28.Bg5 Bxe2 29.Qxe2 Qh3
30.Rf1 Qc8 31.Kg2 Qa8 32.Rf3 h6 33.Ra3 Qxa3 34.Nxa3 hxg5 35.Nb5 g4 36.Ne7 Kh7
37.Nc8 Nxe4 38.Qxg4 Rf2+ 39.Kg1 N8f6 40.Qh3+ Bh6 41.Ncxd6 Ng5 42.Qxh6+ Kxh6
43.Kxf2 Kg7 44.Nc3 Nd7 45.Ke3 Nb6 46.Kd3 Nf3 47.Nde4 Nxh2 48.Nxc5 Nf1 49.N5e4 Kf8
50.Nb5 Ke8 51.Nbc3 Nd7 52.Ke2 Nh2 53.c5 Kd8 54.c6 Nb6 55.d6 Ng4 56.Nb5 Kc8
57.Nc5 Nf6 58.c7  1-0

[Event "Lost Boys op"]
[Site "Antwerp"]
[Date "1999.08.08"]
[Round "9"]
[White "Peng, Zhaoqin"]
[Black "Sziva, Erika"]
[Result "1/2-1/2"]
[WhiteElo "2449"]
[BlackElo "2290"]

1.d4 Nf6 2.c4 g6 3.Nc3 Bg7 4.e4 d6 5.Nf3 O-O 6.Be2 e5 7.O-O Nc6 8.d5 Ne7
9.b4 Nh5 10.Re1 a5 11.Ba3 axb4 12.Bxb4 Nf4 13.c5 Nxe2+ 14.Qxe2 Bg4 15.Qe3 Bxf3
16.Qxf3 f5 17.Qh3 Ra6 18.f3 Nc8 19.Rad1 dxc5 20.Bxc5 Nd6 21.Qg3 Qf6 22.Qf2 Rfa8
23.Qe2 f4 24.Rb1 Bf8 25.Bf2 Ra3 26.Rec1 b6 27.Rc2 Qd8 28.Rbc1 R3a5 29.h3 Be7
30.Kh1 Qd7 31.Bg1 Bf8 32.Rb1 Be7 33.a4 Nb7 34.Qc4 Nd6 35.Qb3 Kh8 36.Bf2  1/2-1/2

[Event "Lost Boys op"]
[Site "Antwerp"]
[Date "1999.08.08"]
[Round "9"]
[White "Chuchelov, Vladimir"]
[Black "Roeder, Mathias"]
[Result "1/2-1/2"]
[WhiteElo "2535"]
[BlackElo "2425"]

1.c4 g6 2.Nf3 Bg7 3.d4 Nf6 4.Nc3 O-O 5.e4 d6 6.Be2 e5 7.O-O Nc6 8.d5 Ne7
9.Nd2 a5 10.a3 Nd7 11.Rb1 f5 12.b4 Kh8 13.f3 axb4 14.axb4 c6 15.dxc6 Nxc6
16.Nb3 Nxb4 17.Qxd6 Na2 18.Bb2 Nxc3 19.Bxc3 Ra2 20.Rb2 Rxb2 21.Bxb2 fxe4
22.fxe4 Qb6+ 23.Qxb6 Rxf1+ 24.Kxf1 Nxb6 25.Ba3 Na4 26.Bd6 b6 27.Bc7 Be6 28.Nd2 Kg8
29.Bd1 Nb2 30.Bb3 Bh6 31.c5 Bxb3 32.Nxb3 bxc5 33.Nxc5 Bg7 34.Ke2 Kf7 35.Nd7 Nc4
36.Kd3 Ke7 37.Nc5 Nb2+ 38.Kc3 Nd1+ 39.Kd2 Nb2 40.g4 Bf6 41.h3 Nc4+ 42.Kc3 Ne3
43.Nd3 Ke6 44.Nc5+ Ke7 45.Kd2 Ng2 46.Nd3 Bg5+ 47.Kc3 Nf4 48.Bxe5  1/2-1/2

[Event "MK Cafe Cup-A"]
[Site "Koszalin"]
[Date "1999.08.08"]
[Round "6"]
[White "Ulibin, Mikhail"]
[Black "Antoniewski, Rafal"]
[Result "1/2-1/2"]
[WhiteElo "2562"]
[BlackElo "2417"]

1.d4 Nf6 2.c4 g6 3.Nc3 Bg7 4.e4 d6 5.Nf3 O-O 6.Be2 e5 7.O-O Nc6 8.d5 Ne7
9.Nd2 c6 10.dxc6 bxc6 11.b4 d5 12.Bd3 Re8 13.Re1 Be6 14.Bf1 dxe4 15.Ndxe4 Nxe4
16.Nxe4 Nf5 17.Qa4 Nd4 18.Bb2 Bf5 19.Rad1 Bxe4 20.Rxe4 f5 21.Ree1 Qc7 22.c5 Rad8
23.Bxd4 exd4 24.b5 Rxe1 25.Rxe1 Kf8 26.Bd3 cxb5 27.Qxb5 Be5 28.h3 Rd5 29.Rc1 Bd6
30.Qa6 Rxc5 31.Rxc5 Qxc5 32.Qc4 Qe5 33.Kf1 a5 34.Qb5 Qxb5 35.Bxb5 Ke7 36.Ke2  1/2-1/2

[Event "MK Cafe Cup-B"]
[Site "Koszalin"]
[Date "1999.08.08"]
[Round "6"]
[White "Popov, Valerij"]
[Black "Husari, Sate"]
[Result "1-0"]
[WhiteElo "2523"]
[BlackElo "2307"]

1.Nf3 Nf6 2.c4 g6 3.Nc3 Bg7 4.e4 O-O 5.d4 d6 6.Be2 e5 7.O-O Nc6 8.d5 Ne7
9.b4 a5 10.Ba3 axb4 11.Bxb4 Nd7 12.a4 Bh6 13.a5 f5 14.Nd2 Nf6 15.c5 Bxd2
16.Qxd2 Nxe4 17.Nxe4 fxe4 18.Rfe1 Nf5 19.Bd1 Nd4 20.cxd6 cxd6 21.Rxe4 b6
22.f4 bxa5 23.Bxa5 Qd7 24.fxe5 Qb5 25.Ba4 Rxa5 26.Bxb5 Rxa1+ 27.Re1 Rxe1+
28.Qxe1 Nxb5 29.Qb4 Bd7 30.e6 Be8 31.Qc4 Rf5 32.g4 Re5 33.h4 g5 34.h5 h6
35.Qc8 Kf8 36.Qd8 Re4 37.Qf6+ Kg8 38.e7 Rxg4+ 39.Kh2 Rh4+ 40.Kg3 Bxh5 41.Qxh6 Rg4+
42.Kf2 Rf4+ 43.Ke3 Rf3+ 44.Kd2 Rf2+ 45.Kc1 Rf1+ 46.Kd2 Rd1+ 47.Kc2 Nd4+ 48.Kb2 Rd2+
49.Kc3 Re2 50.Qxh5 Rxe7 51.Qxg5+ Kf8 52.Kxd4 Ke8 53.Kc4 Re5 54.Qf6 Kd7 55.Qf7+ Re7
56.Qf5+ Kc7 57.Kb5  1-0

[Event "Chania op 9th"]
[Site "Chania"]
[Date "1999.08.09"]
[Round "7"]
[White "Genova, Ruzka"]
[Black "Dochev, Dimitar"]
[Result "1/2-1/2"]
[WhiteElo "2240"]
[BlackElo "2365"]

1.d4 Nf6 2.c4 g6 3.Nc3 Bg7 4.e4 d6 5.Be2 O-O 6.Nf3 e5 7.O-O Nc6 8.d5 Ne7
9.b4 Nh5 10.Re1 a5 11.bxa5 Rxa5 12.a4 Nf4 13.Bf1 f5 14.Nd2 g5 15.Ra3 Ra8
16.g3 Nfg6 17.exf5  1/2-1/2

[Event "Mipap Cup"]
[Site "Olomouc"]
[Date "1999.08.09"]
[Round "4"]
[White "Sitnik, Igor"]
[Black "Klima, Lukas"]
[Result "1-0"]
[WhiteElo "2332"]
[BlackElo "2310"]

1.d4 Nf6 2.c4 g6 3.Nc3 Bg7 4.e4 d6 5.Nf3 O-O 6.Be2 e5 7.O-O Nc6 8.d5 Ne7
9.Nd2 Nd7 10.b4 f5 11.f3 Kh8 12.c5 f4 13.Ba3 Nf6 14.b5 b6 15.cxd6 cxd6 16.Qc2 g5
17.Rfc1 Rg8 18.Nd1 Ne8 19.Nf2 h5 20.Bb4 Bh6 21.h3 Ng6 22.a4 g4 23.hxg4 hxg4
24.fxg4 f3 25.Bxf3 Qh4 26.Nf1 Bf4 27.Bd2 Nf6 28.Bxf4 Nxf4 29.Ne3 Qg3 30.Qd2 Bxg4
31.Nexg4 Rxg4 32.Nxg4 Nh3+ 33.Kf1 Nxg4 34.Bxg4 Nf4 35.Bf3 Qh2 36.Qe3 Rg8
37.Rc2 Rg3 38.Rac1 Qh1+ 39.Kf2 Qh4 40.Rc8+  1-0

[Event "MK Cafe Cup-B"]
[Site "Koszalin"]
[Date "1999.08.10"]
[Round "7"]
[White "Krivoshey, Sergei"]
[Black "Cherkasov, Nikolai"]
[Result "1-0"]
[WhiteElo "2454"]
[BlackElo "2324"]

1.d4 Nf6 2.c4 g6 3.Nc3 Bg7 4.e4 d6 5.Nf3 O-O 6.Be2 e5 7.O-O Nc6 8.d5 Ne7
9.Ne1 Nd7 10.Be3 f5 11.f3 f4 12.Bf2 g5 13.a4 Rf6 14.Nb5 a6 15.Na7 Rxa7 16.Bxa7 Rh6
17.Nd3 Nf6 18.c5 g4 19.fxg4 Nxe4 20.Bf3 Ng3 21.cxd6 cxd6 22.hxg3 fxg3 23.Re1 Ng6
24.Re4 b6 25.Rc1 Rh2 26.Qc2 Bd7 27.Qc7 Qh4 28.Kf1 Qg5 29.Bxb6 Rh1+ 30.Ke2 Bh6
31.Be3  1-0

[Event "MK Cafe Cup-A"]
[Site "Koszalin"]
[Date "1999.08.10"]
[Round "7"]
[White "Timoshenko, Georgy"]
[Black "Socko, Bartosz"]
[Result "1-0"]
[WhiteElo "2576"]
[BlackElo "2543"]

1.d4 Nf6 2.c4 g6 3.Nc3 Bg7 4.e4 d6 5.Nf3 O-O 6.Be2 e5 7.O-O Nc6 8.d5 Ne7
9.Ne1 Nd7 10.Be3 f5 11.f3 f4 12.Bf2 g5 13.Rc1 Rf6 14.Nd3 Rh6 15.c5 a6 16.c6 Nf8
17.cxb7 Bxb7 18.Qc2 Qe8 19.Be1 Bc8 20.Nf2 Bd7 21.b4 Kh8 22.Bc4 Rg6 23.h3 h5
24.Qd3 Qc8 25.b5 a5 26.b6 cxb6 27.Bb5 Qd8 28.Na4 Bc8 29.Bd2 Nd7 30.Rc3 Nf6
31.Qc4 Ra7 32.Rfc1 Bf8 33.Kf1 g4 34.hxg4 hxg4 35.Ke2 Kg8 36.Rh1 gxf3+ 37.gxf3 Nd7
38.Rcc1 Bg7 39.Be1 Kf8 40.Nd3 Nc5 41.Bf2 Ra8 42.Rh5 Bb7 43.Rb1 Rc8 44.Naxc5 bxc5
45.a4 Rc7 46.Ba6 Qa8 47.Bxb7 Rxb7 48.Rxb7 Qxb7 49.Qb5 Qa8 50.Rh1 Nxd5 51.exd5 Qxd5
52.Qb8+ Kf7 53.Rb1 Qa2+ 54.Rb2 Qxa4 55.Rb7+ Ke6 56.Nxc5+ dxc5 57.Qc8+ Kd5
58.Qxc5+ Ke6 59.Qc8+ Kd5 60.Rd7+  1-0

[Event "MK Cafe Cup-B"]
[Site "Koszalin"]
[Date "1999.08.10"]
[Round "7"]
[White "Sakalauskas, Vaidas"]
[Black "Lukinov, Petr"]
[Result "1-0"]
[WhiteElo "2450"]
[BlackElo "2303"]

1.d4 Nf6 2.c4 g6 3.Nc3 Bg7 4.e4 d6 5.Be2 O-O 6.Nf3 e5 7.O-O Nc6 8.d5 Ne7
9.Ne1 Nd7 10.Nd3 f5 11.Bd2 Kh8 12.f3 Ng8 13.b4 Bh6 14.c5 Ndf6 15.a4 Bxd2
16.Qxd2 f4 17.Rfc1 Rf7 18.Nb5 a6 19.Na3 g5 20.Nc4 g4 21.cxd6 cxd6 22.a5 g3
23.h3 Rg7 24.Nb6 Rb8 25.Bf1 Nxe4 26.fxe4 Bg4 27.Ne1 Nf6 28.Rc4 f3 29.Nxf3 Bxf3
30.gxf3 g2 31.Bxg2 Qe7 32.Rc8+ Rxc8 33.Nxc8 Qd7 34.Rc1 Qxh3 35.Nxd6 Qxf3
36.Nf7+ Kg8 37.Nh6+ Kf8 38.Rc8+ Ne8 39.Qf2  1-0

[Event "AZ Sanace Cup"]
[Site "Olomouc"]
[Date "1999.08.10"]
[Round "4"]
[White "Polak, Tomas"]
[Black "Kalod, Radek"]
[Result "1-0"]
[WhiteElo "2488"]
[BlackElo "2440"]

1.d4 Nf6 2.c4 g6 3.Nc3 Bg7 4.e4 d6 5.Nf3 O-O 6.Be2 e5 7.O-O Nc6 8.d5 Ne7
9.b4 Nh5 10.Re1 Nf4 11.Bf1 a5 12.bxa5 Rxa5 13.a4 c5 14.Nb5 h6 15.Ra3 Ra6
16.Kh1 g5 17.Nd2 f5 18.g3 Nfg6 19.exf5 Nxf5 20.Qh5 Nh8 21.Bh3 Qe7 22.Ne4 Qf7
23.Qxf7+ Nxf7 24.Bd2 Nd4 25.Bxc8 Rxc8 26.Rb1 g4 27.Kg2 Kh7 28.Ra2 Kg6 29.Nbc3 b6
30.Rab2 Rb8 31.h3 h5 32.Rh1 Rh8 33.Be3 Bh6 34.hxg4 hxg4 35.Bxh6 Rxh6 36.Rxh6+ Kxh6
37.Nf6 Kg5 38.Nd7 Kf5 39.Nxb6 e4 40.Nc8 Ra8 41.Rb7 Kg6 42.Ne7+ Kf6 43.Nxe4+ Ke5
44.Nc3 Nf3 45.Nc6+ Kf6 46.Ne4+ Kf5 47.Nxc5 N7g5 48.Rb8 Rxb8 49.Nxb8 dxc5
50.a5 Nd2 51.a6 Nxc4 52.Nd7 Ne4 53.a7 Nf6 54.Nxf6 Nb6 55.Nd7 Na8 56.Nxc5 Ke5
57.Nd7+ Kxd5 58.Nf6+ Kc6 59.Nxg4 Kb7 60.Nf6 Kc7 61.Nd5+ Kb7 62.Kf3 Kc6 63.Ke4 Kd6
64.f4  1-0

[Event "MK Cafe Cup-A"]
[Site "Koszalin"]
[Date "1999.08.11"]
[Round "8"]
[White "Epishin, Vladimir"]
[Black "Lanka, Zigurds"]
[Result "1-0"]
[WhiteElo "2657"]
[BlackElo "2504"]

1.d4 Nf6 2.c4 g6 3.Nc3 Bg7 4.e4 d6 5.Nf3 O-O 6.Be2 e5 7.O-O Nc6 8.d5 Ne7
9.b4 a5 10.Ba3 axb4 11.Bxb4 b6 12.a4 Re8 13.Re1 Bf8 14.h3 Bd7 15.Bf1 h6 16.Nb5 Nc8
17.Qc2 Bg7 18.a5 c5 19.dxc6 Bxc6 20.a6 Nd7 21.Ra3 Nc5 22.Bxc5 dxc5 23.Nd2 Re7
24.Nb1 Rd7 25.N1c3 Ne7 26.Ra2 Kh7 27.Be2 f5 28.Bf3 h5 29.Qe2 f4 30.Rb1 Bxb5
31.cxb5 Rd4 32.Rd1 Kh6 33.Raa1 Qe8 34.Qa2 Nc8 35.Nd5 Qf7 36.Rxd4 exd4 37.e5 Ra7
38.Re1 Ne7 39.e6 Qe8 40.Nxe7 Qxe7 41.Qd5 Bf6 42.Be2 Qd8 43.Qe4 Bg5 44.Bd3 Qe8
45.Kf1 Rc7 46.h4  1-0

[Event "MK Cafe Cup-B"]
[Site "Koszalin"]
[Date "1999.08.12"]
[Round "9"]
[White "Tobak, A."]
[Black "Lukinov, Petr"]
[Result "1-0"]
[WhiteElo "2421"]
[BlackElo "2303"]

1.d4 Nf6 2.c4 g6 3.Nc3 Bg7 4.e4 d6 5.Be2 O-O 6.Nf3 e5 7.O-O Nc6 8.d5 Ne7
9.Ne1 Nd7 10.f3 f5 11.g4 Nf6 12.Ng2 Kh8 13.h4 Neg8 14.Bd2 Ne8 15.Rc1 Bh6
16.g5 Bg7 17.exf5 Bxf5 18.Ne4 Ne7 19.Kh2 b5 20.b3 c6 21.Ne3 bxc4 22.bxc4 Bd7
23.Bc3 Nf5 24.Nxf5 Rxf5 25.Bd2 Rb8 26.Rb1 Rf7 27.Rxb8 Qxb8 28.Qb3 Qc7 29.Rb1 Bc8
30.c5 cxd5 31.Qxd5 dxc5 32.Ba5 Qd7 33.Qxd7 Bxd7 34.Nxc5 Bc6 35.Rb8 e4 36.Rc8 exf3
37.Bc4 Be5+ 38.Kg1 Rf4 39.Nd3 Rg4+ 40.Kf1 Bd4 41.Nf2 Bxf2 42.Bc3+ Bd4 43.Bxd4+ Rxd4
44.Rxc6 Nd6 45.Bb3 Rd2 46.Rc7 h6 47.h5 Nf5 48.Rc8+ Kh7 49.Rc7+ Ng7 50.hxg6+ Kxg6
51.Bc2+ Rxc2 52.Rxc2 hxg5 53.Kf2 g4 54.Rc7 Nf5 55.Rd7 Kg5 56.Rb7 Kh4 57.a4 Nd4
58.Rh7+ Kg5 59.a5 Nf5 60.Rb7 Nd6 61.Rb4  1-0

[Event "MK Cafe Cup-A"]
[Site "Koszalin"]
[Date "1999.08.12"]
[Round "9"]
[White "Tukmakov, Vladimir B"]
[Black "Nataf, Igor Alexandre"]
[Result "1/2-1/2"]
[WhiteElo "2557"]
[BlackElo "2504"]

1.Nf3 Nf6 2.c4 g6 3.Nc3 Bg7 4.e4 d6 5.d4 O-O 6.Be2 e5 7.O-O Nc6 8.d5 Ne7
9.b4 Nh5 10.Re1 f5 11.Ng5 Nf6 12.Bf3 c6 13.Be3 Kh8 14.a4 Ne8 15.b5 h6 16.Ne6 Bxe6
17.dxe6 Nc7 18.c5 d5  1/2-1/2

[Event "MK Cafe Cup-B"]
[Site "Koszalin"]
[Date "1999.08.12"]
[Round "9"]
[White "Sakalauskas, Vaidas"]
[Black "Blimke, Dalia"]
[Result "1-0"]
[WhiteElo "2450"]
[BlackElo "2269"]

1.d4 Nf6 2.c4 g6 3.Nc3 Bg7 4.e4 d6 5.Be2 O-O 6.Nf3 e5 7.O-O Nc6 8.d5 Ne7
9.Ne1 Nd7 10.Nd3 f5 11.Bd2 Kh8 12.f3 f4 13.b4 Nf6 14.c5 h5 15.cxd6 cxd6 16.Nf2 g5
17.h3 Neg8 18.Qc2 Nh6 19.Nb5 Ne8 20.Rfc1 Bd7 21.a4 Bf6 22.Qd1 Qb8 23.a5 a6
24.Na3 b5 25.axb6 Qxb6 26.Nc4 Qa7 27.Ra3 g4 28.fxg4 hxg4 29.hxg4 Rg8 30.Kf1 Bh4
31.Be1 Bg3 32.Rca1 Bb5 33.Nxe5 Bxe2+ 34.Qxe2 Qh7 35.Nf3 Nxg4 36.Nxg4 Rxg4
37.Ng1 Nf6 38.Bc3 Rg6 39.Rxa6 Rc8 40.Ra8 Qg8 41.Bxf6+ Rxf6  1-0

[Event "Petermaennchen GM"]
[Site "Schwerin"]
[Date "1999.08.12"]
[Round "5"]
[White "Doettling, Fabian"]
[Black "Uhlmann, Wolfgang"]
[Result "1/2-1/2"]
[WhiteElo "2475"]
[BlackElo "2461"]

1.d4 Nf6 2.Nf3 g6 3.c4 Bg7 4.Nc3 d6 5.e4 O-O 6.Be2 e5 7.O-O Nc6 8.d5 Ne7
9.Ne1 Nd7 10.Be3 f5 11.f3 f4 12.Bf2 g5 13.g4 h5 14.h3 Rf6 15.Kg2 Rh6 16.Rh1 Ng6
17.Nd3 Bf8 18.b4 Nf6 19.c5 Bd7 20.Rc1 Kg7 21.a4 Be7 22.Nb5 Bxb5 23.axb5 b6
24.Rg1 Qh8 25.c6 hxg4 26.hxg4 Rh2+ 27.Kf1 Nh4 28.Ne1 Ng6 29.Nd3 Qh7 30.Ke1 Nh4
31.Rc4 a6 32.bxa6 Rxa6 33.b5 Ra8 34.Ra4 Rc8 35.Kd2 Qg8 36.Qb3 Qf7 37.Raa1 Rh3
38.Bxh4 gxh4 39.Nf2 Rg3 40.Rh1 Nh7 41.Nh3 Qg6 42.Qc4 Rh8 43.Rh2 Ng5 44.Nxg5 Qxg5
45.Qa4 h3 46.Rah1 Bd8  1/2-1/2

[Event "Baunatal op 5th"]
[Site "Baunatal"]
[Date "1999.08.13"]
[Round "2"]
[White "Solonar, Stephan"]
[Black "Kuenitz, Klaus"]
[Result "1-0"]
[WhiteElo "2319"]
[BlackElo "2066"]

1.c4 Nf6 2.Nc3 g6 3.e4 d6 4.d4 Bg7 5.Nf3 O-O 6.Be2 e5 7.O-O Nc6 8.d5 Ne7
9.Nd2 Kh8 10.Rb1 Ne8 11.b4 f5 12.c5 c6 13.Nc4 fxe4 14.cxd6 Nxd6 15.Bg5 Nf7
16.Bxe7 Qxe7 17.d6 Qe6 18.Nxe4 b6 19.Ne3 Bb7 20.Bc4 Qd7 21.Qb3 Rae8 22.Rfd1 Nd8
23.b5 cxb5 24.Bxb5 Bc6 25.Nd5 Ne6 26.Bxc6 Qxc6 27.Ne7 Qd7 28.Qh3 Rxe7 29.dxe7 Qxe7
30.Rd6 Nf4 31.Qg4 Qb7 32.Re1 Qa6 33.g3 Nh5 34.Qe2 Qc8 35.Red1 Bh6 36.Rd7 Ng7
37.Qb2 Qe8 38.Rxa7 Nf5 39.Rdd7 Bg7 40.g4 Rg8 41.Nf6  1-0

[Event "MK Cafe Cup-A"]
[Site "Koszalin"]
[Date "1999.08.13"]
[Round "10"]
[White "Schmidt, Wlodzimierz"]
[Black "Bobras, Piotr"]
[Result "0-1"]
[WhiteElo "2436"]
[BlackElo "2394"]

1.Nf3 Nf6 2.c4 g6 3.Nc3 Bg7 4.e4 d6 5.d4 O-O 6.Be2 e5 7.O-O Nc6 8.d5 Ne7
9.b4 Nh5 10.g3 f5 11.Ng5 Nf6 12.f3 c6 13.b5 h6 14.Ne6 Bxe6 15.dxe6 c5 16.Nd5 Ne8
17.exf5 gxf5 18.f4 e4 19.Rb1 Bd4+ 20.Kh1 Ng7 21.g4 Nxe6 22.gxf5 Nxf5 23.Bg4 Neg7
24.Re1 Qh4 25.Rb3 h5 26.Bxf5 Nxf5 27.Rxe4 Rae8 28.Rxe8 Rxe8 29.Bd2 Qf2 30.Rf3 Re1+  0-1

[Event "Zurich Hilton op"]
[Site "Zurich"]
[Date "1999.08.14"]
[Round "2"]
[White "Hobuss, Udo"]
[Black "Rakazovic, Z."]
[Result "1-0"]
[WhiteElo "2391"]
[BlackElo "2103"]

1.Nf3 Nf6 2.c4 g6 3.Nc3 Bg7 4.e4 d6 5.d4 O-O 6.Be2 e5 7.O-O Nc6 8.d5 Ne7
9.a4 a5 10.Ne1 Nd7 11.Nd3 f5 12.exf5 gxf5 13.Ra3 b6 14.Kh1 f4 15.g3 Ng6 16.Bg4 Nc5
17.Nxc5 dxc5 18.Ne4 Bxg4 19.Qxg4 Qc8 20.Qh5 Qf5 21.Qxf5 Rxf5 22.Rb3 Raf8
23.d6 fxg3 24.dxc7 Nh4 25.Rxg3 Nf3 26.Nd6  1-0

[Event "Vlissingen HZ op"]
[Site "Vlissingen"]
[Date "1999.08.15"]
[Round "7"]
[White "Savchenko, Stanislav"]
[Black "Golod, Vitali"]
[Result "1/2-1/2"]
[WhiteElo "2583"]
[BlackElo "2568"]

1.Nf3 Nf6 2.c4 g6 3.Nc3 Bg7 4.e4 d6 5.d4 O-O 6.Be2 e5 7.O-O Nc6 8.d5 Ne7
9.b4 Nh5 10.Re1 f5 11.Ng5 Nf6 12.Bf3 fxe4 13.Ngxe4 Nf5 14.Bg5 Nd4 15.Nb5 Nxf3+
16.Qxf3 Bf5 17.Nbc3 Bxe4 18.Nxe4 Nxe4 19.Bxd8 Rxf3 20.gxf3 Nd2 21.Bxc7 Nxf3+
22.Kg2 Nxe1+ 23.Rxe1 Rc8 24.Bxd6 Rxc4 25.Bxe5 Bxe5 26.Rxe5 Kf7 27.d6 Rxb4
28.Re7+ Kf6 29.Rxh7 a5 30.Kf3 Ke6 31.d7 Rd4 32.Rg7 Rxd7 33.Rxg6+ Kf5 34.Rb6 Rd3+
35.Kg2 Ra3 36.Rxb7 Rxa2 37.Kg3 Ra3+ 38.f3 Ra1 39.Rb5+ Kg6 40.h4 a4 41.Kf4 a3
42.Rb6+ Kg7 43.h5 Rh1 44.Ra6 Rxh5  1/2-1/2

[Event "Zurich Hilton op"]
[Site "Zurich"]
[Date "1999.08.15"]
[Round "3"]
[White "Papa, Severin"]
[Black "Jens, Jonitz"]
[Result "0-1"]
[WhiteElo "2132"]
[BlackElo "2316"]

1.d4 Nf6 2.c4 g6 3.Nc3 Bg7 4.e4 d6 5.Be2 O-O 6.Nf3 e5 7.O-O Nc6 8.d5 Ne7
9.Ne1 Nd7 10.f3 f5 11.g4 Kh8 12.Be3 Ng8 13.Qd2 f4 14.Bf2 h5 15.h3 Nh6 16.Kg2 Bf6
17.Nd3 Bh4 18.Qe1 Bxf2 19.Qxf2 g5 20.Rh1 Kg7 21.Qe1 Rh8 22.b4 Nf8 23.c5 Ng6
24.Qd1 Nh4+ 25.Kf2 Rf8 26.Rg1 hxg4 27.hxg4 Bd7 28.Ke1 Nxg4 29.Rxg4 Bxg4 30.fxg4 f3
31.Bf1 Qd7 32.Nf2 Ng2+ 33.Kd2 Qf7 34.Nd3 Rh8 35.Bxg2 fxg2 36.Ne2 Rh1 37.Ng1 Rf8
38.Ke2 Rh2 39.Qe1 Qf1+ 40.Kd2  0-1

[Event "Mipap Cup"]
[Site "Olomouc"]
[Date "1999.08.16"]
[Round "11"]
[White "Sitnik, Igor"]
[Black "Rechel, Bernd"]
[Result "1-0"]
[WhiteElo "2332"]
[BlackElo "2404"]

1.d4 Nf6 2.c4 g6 3.Nc3 Bg7 4.e4 d6 5.Nf3 O-O 6.Be2 e5 7.O-O Nc6 8.d5 Ne7
9.Nd2 a5 10.Rb1 Nd7 11.a3 f5 12.b4 Kh8 13.Qc2 Nf6 14.f3 c6 15.Nb3 axb4 16.axb4 f4
17.dxc6 bxc6 18.b5 g5 19.bxc6 g4 20.fxg4 Nxg4 21.Bxg4 Bxg4 22.Nd2 Nxc6 23.Nb5 Rf6
24.Nf3 Rg6 25.Kh1 Rc8 26.Bd2 Bf8 27.Qd3 Rh6 28.Bc3 Qe8 29.Qd2 Qh5 30.Qxf4 Be7
31.Qd2 Rg8 32.Rb2 Bg5 33.Qf2 Rf8 34.Nc7 Bh4 35.Nxh4 Rxf2 36.Rbxf2 Kg7 37.Rf8 Bd7
38.Be1 Nd4 39.g4 Qxg4 40.R1f7+  1-0